Мансийские загадки (Запись № 10597561)

Подробности
000 -МАРКЕР
контрольное поле 01817nam0a2200373 i 4500
001 - ИДЕНТИФИКАТОР ЗАПИСИ
контрольное поле RU\NLR\BIBL_A\010301865
005 - ИДЕНТИФИКАТОР ВЕРСИИ
контрольное поле 20260408080643.0
010 ## - МЕЖДУНАРОДНЫЙ СТАНДАРТНЫЙ НОМЕР КНИГИ (ISBN)
Номер (ISBN) 978-5-905751-35-6
Тираж 300
021 ## - НОМЕР ГОСУДАРСТВЕННОЙ РЕГИСТРАЦИИ
Код страны Российская Федерация
Номер 2014-9278
Номер Листа государственной регистраци 583
035 ## - ДРУГИЕ СИСТЕМНЫЕ НОМЕРА
Идентификатор записи (NILC)RuMoRGB-006740986
035 ## - ДРУГИЕ СИСТЕМНЫЕ НОМЕРА
Идентификатор записи (NLR Aleph) 010301865
100 ## - ДАННЫЕ ОБЩЕЙ ОБРАБОТКИ
Данные общей обработки 20140403d2013 u y0rusy50 ca
101 0# - ЯЗЫК РЕСУРСА
Язык текста, звукозаписи и т.д. русский
-- вогульский, мансийский
102 ## - СТРАНА ПУБЛИКАЦИИ ИЛИ ПРОИЗВОДСТВА
Страна публикации Российская Федерация
105 ## - ПОЛЕ КОДИРОВАННЫХ ДАННЫХ: ТЕКСТОВЫЕ МАТЕРИАЛЫ, МОНОГРАФИЧЕСКИЕ
Кодированные данные о монографическом текстовом документе a|||z||||00ay
200 1# - ЗАГЛАВИЕ И СВЕДЕНИЯ ОБ ОТВЕТСТВЕННОСТИ
Основное заглавие Мансийские загадки
Сведения, относящиеся к заглавию Māньси āмщит
Первые сведения об ответственности Деп. образования и молодеж. политики Ханты-Манс. авт. окр. - ЮГРЫ, БУ ХМАО -ЮГРЫ "Обско-угор. ин-т приклад. исслед. и разработок"
Последующие сведения об ответственности [авт.-сост., пер. Слинкина Т.Д.
-- худож.: И.В. Соколова]
Язык параллельного заглавия вогульский, мансийский
210 ## - ПУБЛИКАЦИЯ, РАСПРОСТРАНЕНИЕ И ДР.
Место издания, распространения и т.д. Ханты-Мансийск
Имя издателя, распространителя и т. д. Юграфика
Дата издания, распространения и т.д. 2013
215 ## - ФИЗИЧЕСКАЯ ХАРАКТЕРИСТИКА
Специфическое обозначение материала и объем 15 с.
Другие сведения о физической характеристике цв. ил.
Размеры 21
300 ## - ОБЩИЕ ПРИМЕЧАНИЯ
Текст примечания Текст парал. на рус. яз. и манси
510 1# - ПАРАЛЛЕЛЬНОЕ ЗАГЛАВИЕ
Параллельное заглавие Māньси āмщит
Язык заглавия вогульский, мансийский
686 0# - ИНДЕКСЫ ДРУГИХ КЛАССИФИКАЦИЙ
Индекс Ш9(2)3=Ма-5
702 #1 - ИМЯ ЛИЦА - ВТОРИЧНАЯ ОТВЕТСТВЕННОСТЬ
Начальный элемент ввода Слинкина
Часть имени, кроме начального элемента ввода Т. Д.
Расширение инициалов личного имени Татьяна Дмитриевна
Код отношения Составитель
702 #1 - ИМЯ ЛИЦА - ВТОРИЧНАЯ ОТВЕТСТВЕННОСТЬ
Код отношения Карикатурист, Художник
Графика поля Кириллица
Материалы, к которым относится поле rus
Начальный элемент ввода Соколова
Часть имени, кроме начального элемента ввода И. В.
Дополнения к именам, кроме дат художник
Даты 1957-
Расширение инициалов личного имени Ирина Валентиновна
Идентификатор авторитетной/нормативной записи RU\NLR\AUTH\770136961
Системный номер авторитетной/нормативной записи 136926
712 02 - НАИМЕНОВАНИЕ ОРГАНИЗАЦИИ - ВТОРИЧНАЯ ОТВЕТСТВЕННОСТЬ
Код отношения Прочие
Начальный элемент ввода Обско-угорский институт прикладных исследований и разработок
Идентифицирующий признак Ханты-Мансийск
Идентификатор авторитетной/нормативной записи RU\NLR\AUTH\8810098523
Системный номер авторитетной/нормативной записи 698059
801 #0 - ИСТОЧНИК ЗАПИСИ
Страна Российская Федерация
Организация РГБ
Дата составления 20140218
Правила каталогизации RCR
801 #1 - ИСТОЧНИК ЗАПИСИ
Страна Российская Федерация
Организация РГБ
Дата составления 20140218
Источник данных rusmarc
852 ## - МЕСТОНАХОЖДЕНИЕ И ШИФР ХРАНЕНИЯ
Идентификатор организации NLR
Наименование фонда или коллекции (Sub-Location Identifier) ОНЛ
Шифр хранения (Call Number) Манс./2-39
942 ## - ДОПОЛНИТЕЛЬНЫЕ ЭЛЕМЕНТЫ ЗАПИСИ (АБИС)
Тип экземпляра АБИС Книга
980 ## - КОЛЛЕКЦИЯ
Название коллекции НБР

Нет доступных экземпляров.